书目信息 |
| 题名: |
挖掘工操作技术要领图解
|
|
| 作者: | 林晓磊 , 迟京瑞 , 王叶青 主编 | |
| 分册: | ||
| 出版信息: | 济南 山东科学技术出版社 2006.06 |
|
| 页数: | 226页 | |
| 开本: | 21cm | |
| 丛书名: | 青工操作技术要领图解系列 | |
| 单 册: | ||
| 中图分类: | TU621.07 | |
| 科图分类: | ||
| 主题词: | 液压式挖掘机--ye ya shi wa jue ji--操作--基本知识 | |
| 电子资源: | ||
| ISBN: | 7-5331-4313-2 | |
| 000 | 01122nam 2200277 450 | |
| 001 | 012006831545 | |
| 005 | 20061019091743.01 | |
| 010 | @a7-5331-4313-2@dCNY13.00 | |
| 100 | @a20060914d2006 km y0chiy0120 ea | |
| 101 | 0 | @achi |
| 102 | @aCN@b370000 | |
| 105 | @aa z 000yy | |
| 200 | 1 | @a挖掘工操作技术要领图解@Awa jue gong cao zuo ji shu yao ling tu jie@f林晓磊 … [等] 主编@Flin xiao lei…[deng]zhu bian |
| 210 | @a济南@c山东科学技术出版社@d2006.06 | |
| 215 | @a226页@c图@d21cm | |
| 225 | 2 | @a青工操作技术要领图解系列@Aqing gong cao zuo ji shu yao ling tu jie xi lie |
| 304 | @a主编还有 : 迟京瑞、王叶青、马爱林 | |
| 330 | @a本书重点介绍液压挖掘机控制与操作、液压挖掘机技术使用、挖掘机走合与启动以及行走、液压破碎器的技术使用、液压挖掘机的检查与调整及维护、故障诊断与排除等内容。 | |
| 410 | 0 | @12001 @a青工操作技术要领图解系列 |
| 606 | 0 | @a液压式挖掘机@Aye ya shi wa jue ji@x操作@x基本知识 |
| 690 | @aTU621.07@v4 | |
| 701 | 0 | @a林晓磊@Alin xiao lei@4主编 |
| 701 | 0 | @a迟京瑞@Achi jing rui@4主编 |
| 701 | 0 | @a王叶青@Awang ye qing@4主编 |
| 801 | 0 | @aCN@bQSSK@c20061019 |
| 905 | @a10447@dTU621.07@eL523 | |
| 挖掘工操作技术要领图解/林晓磊 … [等] 主编.-济南:山东科学技术出版社,2006.06 |
| 226页:图;21cm.-(青工操作技术要领图解系列) |
| ISBN 7-5331-4313-2:CNY13.00 |
| 本书重点介绍液压挖掘机控制与操作、液压挖掘机技术使用、挖掘机走合与启动以及行走、液压破碎器的技术使用、液压挖掘机的检查与调整及维护、故障诊断与排除等内容。 |
| ● |
| 相关链接 |
|
|
|
正题名:挖掘工操作技术要领图解
索取号:TU621.07/L523
 
预约/预借
| 序号 | 登录号 | 条形码 | 馆藏地/架位号 | 状态 | 备注 |
| 1 | 221490 | 202214905 | 建筑库201/201建筑库 12排3列5层/ [索取号:TU621.07/L523] | 在馆 | |
| 2 | 221491 | 202214914 | 建筑库201/201建筑库 12排3列5层/ [索取号:TU621.07/L523] | 在馆 | |
| 3 | 221492 | 202214923 | 建筑库201/201建筑库 12排3列5层/ [索取号:TU621.07/L523] | 在馆 |